| 000 | 00601cab a2200241 4500 | ||
|---|---|---|---|
| 001 | ABS60543 | ||
| 008 | 090401t1999 xxu||||| |||| 00| 0 eng d | ||
| 035 | _a(Sirsi) u99885 | ||
| 041 | _aeng | ||
| 100 | _aDonohoe, S. | ||
| 245 | _aContractual and statutory liability for building defects in Singapore | ||
| 260 | _c1999 | ||
| 350 | _a0 | ||
| 490 |
_aStructural Survey _v17 (1) 1999, 32-35 |
||
| 650 | _aBUILDING DEFECTS | ||
| 650 | _aCONTRACT LAW | ||
| 650 | _aENGLISH LAW | ||
| 650 | _aLEGISLATION | ||
| 650 | _aSINGAPORE | ||
| 690 | _aOVERSEAS | ||
| 942 | _n0 | ||
| 948 | _c07/05/1999 | ||
| 999 |
_c60003 _d60003 |
||